Bids, Tenders & Proposals : Winning Business Through Best Practice. (Record no. 1977)

MARC details
005 - DATE AND TIME OF LATEST TRANSACTION
control field 20250506083739.0
020 ## - INTERNATIONAL STANDARD BOOK NUMBER
International Standard Book Number 978 0 7494 7484 3
082 ## - DEWEY DECIMAL CLASSIFICATION NUMBER
Classification number 658.152 LEW
100 ## - MAIN ENTRY--PERSONAL NAME
Author name LEWIS, H.
245 ## - TITLE STATEMENT
Title Bids, Tenders & Proposals : Winning Business Through Best Practice.
250 ## - EDITION STATEMENT
Edition statement 5th Ed
260 ## - PUBLICATION, DISTRIBUTION, ETC.
Place of publication, distribution, etc. London,
Name of publisher, distributor, etc. KoganPage,
Date of publication, distribution, etc. 2015.
300 ## - PHYSICAL DESCRIPTION
Extent Viii, 245p.: ill.; figure
Other physical details Index
Dimensions 23cm.
856 ## - ELECTRONIC LOCATION AND ACCESS
Link text Access Online Book
Electronic name Management
Path www.koganpage.com
942 ## - ADDED ENTRY ELEMENTS (KOHA)
Source of classification or shelving scheme Dewey Decimal Classification
Koha item type Books
Holdings
Date last seen Total checkouts Full call number Barcode Cost, replacement price Price effective from Koha item type Lost status Source of classification or shelving scheme Damaged status Not for loan Withdrawn status Home library Current library Shelving location Date acquired Cost, normal purchase price
05/06/2025   658.152 LEW 0000007590 277200.00 05/06/2025 Books   Dewey Decimal Classification       College of Business Education Main Library College of Business Education Main Library General Collection 07/08/2016 92400.00
05/06/2025   658.152 LEW 0000007591 277200.00 05/06/2025 Books   Dewey Decimal Classification       College of Business Education Main Library College of Business Education Main Library General Collection 07/08/2016 92400.00
05/06/2025   658.152 LEW 0000007592 277200.00 05/06/2025 Books   Dewey Decimal Classification       College of Business Education Main Library College of Business Education Main Library General Collection 07/08/2016 92400.00